| 000 | 01048cam a22003134a 4500 | ||
|---|---|---|---|
| 005 | 20260322212012.0 | ||
| 008 | data | ||
| 010 | _a 00021541 | ||
| 020 | _a0736805974 | ||
| 020 | _a9780736805971 | ||
| 040 |
_aDLC _cDLC _dDLC |
||
| 042 |
_alcac _alcac |
||
| 050 | 0 | 0 |
_aHV7922 _b.B65 2001 |
| 082 | 0 | 0 |
_a363.25/023/73 _221 |
| 092 | _a363.25 Bor 2001 | ||
| 100 | 1 | _aBoraas, Tracey. | |
| 245 | 1 | 0 |
_aPolice detective / _cTracey Boraas. |
| 260 |
_aMankato, MN : _bCapstone Books, _c2001. |
||
| 300 |
_a48 p. : _bcol. ill. ; _c23 cm. |
||
| 440 | 0 | _aCareer exploration | |
| 504 | _aIncludes bibliographical references and index. | ||
| 520 | _aIntroduces the career of police detective, focusing on educational requirements, duties, workplace, salary, employment outlook, and possible future positions. | ||
| 650 | 0 |
_aDetectives _vJuvenile literature. |
|
| 650 | 0 |
_aCriminal investigation _vJuvenile literature. |
|
| 650 | 1 | _aDetectives. | |
| 650 | 1 |
_aCriminal investigation _xVocational guidance. |
|
| 650 | 1 | _aVocational guidance. | |
| 001 | data | ||
| 999 |
_c243 _d243 |
||